| 000 | 00461nam a22001817a 4500 | ||
|---|---|---|---|
| 005 | 20231005114047.0 | ||
| 008 | 230925b |||||||| |||| 00| 0 eng d | ||
| 020 | _a9780324203233 | ||
| 082 |
_a658.3 _bHOR |
||
| 100 | _aHornsby,Jeffrey.S | ||
| 245 |
_aFrontline HR : _bA Handbook for the Emerging Manager |
||
| 260 |
_aUSA _bThomson _c2005 |
||
| 300 | _a332 | ||
| 500 | _aInclude Index | ||
| 650 | _aManagement | ||
| 700 | _aJeffrey S Hornsby | ||
| 999 |
_c33687 _d33687 |
||